Hairy Maclary Animals - Statistics

General Stats
  • This quiz has been taken 22 times
  • The average score is 4 of 9
Answer Stats
Hint Character % Correct
_____ _______ from Donaldson's Dairy Hairy Maclary
87%
________ _____ as big as a horse Hercules Morse
60%
______ _____ like a bundle of hay Muffin McLay
47%
______ _______ all skinny and bony Bitzer Maloney
40%
________ ____ the toughest tom in town Scarface Claw
40%
_________ ___ _____ with a very low tum Schnitzel Von Krumm
40%
_________ _____ covered in spots Bottomley Potts
33%
Pittery pattery _______ _____ Zachary Quack
20%
______ _______ was blacker than black Slinky Malinki
13%
No matching quizzes found
Score Distribution
Percent of People with Each Score
Percentile by Number Answered
Your Score History
You have not taken this quiz